Countries Closest to Japan - One Minute Sprint - Statistics

General Stats
  • This quiz has been taken 236 times
  • The average score is 15 of 20
Answer Stats
km country % Correct
331 China
99%
50 South Korea
98%
420 North Korea
97%
43 Russia
96%
1558 Vietnam
92%
1864 Laos
89%
107 Taiwan
87%
1943 Cambodia
85%
568 Philippines
84%
2192 Indonesia
83%
2041 Thailand
82%
1984 Malaysia
81%
1640 Mongolia
73%
2251 Myanmar
70%
2195 United States
68%
2578 India
61%
2309 Brunei
54%
3073 Bangladesh
43%
2128 Palau
35%
2136 Micronesia
34%
No matching quizzes found
Score Distribution
Percent of People with Each Score
Percentile by Number Answered
Your Score History
You have not taken this quiz